| 000 | 00705nam a22002057a 4500 | ||
|---|---|---|---|
| 999 |
_c165712 _d165712 |
||
| 005 | 20221221165026.0 | ||
| 010 | _aUR-10260 | ||
| 020 |
_c200.00 _a9789388736008 |
||
| 035 | _aU-8815 | ||
| 037 | _bDBAD/PUB | ||
| 082 | _a841 | ||
| 100 | _aو سيم مينا ئ | ||
| 245 |
_aطرز بيبا ک / _cمر تبہ : و سيم مينا ئ _hا ر د و |
||
| 246 |
_bTarz-e-Bebaak / _aby Waseem Meenai |
||
| 260 |
_aDelhi _bEducational Publishing House _c2018 ء |
||
| 270 |
_a3191, Vakil Street, Kucha Pandit, Lal Kuan, _bDelhi _e110006 _k23216162 _l00911123211540 |
||
| 300 |
_a140 ص _c22cm(Hb) _ecol. photos |
||
| 700 | _aو سيم مينا ئ | ||
| 942 |
_2ddc _cUR _h841 _mو س ی |
||